| 000 | 00445nam a2200121Ia 4500 | ||
|---|---|---|---|
| 008 | 171212s9999 xx 000 0 und d | ||
| 020 | _a9781783742189 | ||
| 245 |
_ceditor Brown, Gordon _aThe Universal Declaration of Human Rights in the 21st Century _bA Living Document in a Changing World |
||
| 260 |
_bOpen Book Publishers _c2016 |
||
| 440 | _aOpen Reports Series | ||
| 650 | _aPolitical Science | ||
| 856 | _uhttp://jstor.org/stable/j.ctt1bpmb7v | ||
| 999 |
_c351599 _d351599 |
||